<?xml version="1.0" encoding="UTF-8"?><?xml-stylesheet type="text/xsl" href="static/style.xsl"?><OAI-PMH xmlns="http://www.openarchives.org/OAI/2.0/" xmlns:xsi="http://www.w3.org/2001/XMLSchema-instance" xsi:schemaLocation="http://www.openarchives.org/OAI/2.0/ http://www.openarchives.org/OAI/2.0/OAI-PMH.xsd"><responseDate>2026-06-05T16:06:00Z</responseDate><request verb="GetRecord" identifier="oai:riuma.uma.es:10630/28467" metadataPrefix="marc">https://riuma.uma.es/rest/oai/request</request><GetRecord><record><header><identifier>oai:riuma.uma.es:10630/28467</identifier><datestamp>2026-02-03T11:09:13Z</datestamp><setSpec>com_10630_2254</setSpec><setSpec>col_10630_37953</setSpec></header><metadata><record xmlns="http://www.loc.gov/MARC21/slim" xmlns:dcterms="http://purl.org/dc/terms/" xmlns:doc="http://www.lyncode.com/xoai" xmlns:xsi="http://www.w3.org/2001/XMLSchema-instance" xsi:schemaLocation="http://www.loc.gov/MARC21/slim http://www.loc.gov/standards/marcxml/schema/MARC21slim.xsd">
   <leader>00925njm 22002777a 4500</leader>
   <datafield ind2=" " ind1=" " tag="042">
      <subfield code="a">dc</subfield>
   </datafield>
   <datafield ind2=" " ind1=" " tag="720">
      <subfield code="a">Molinillo-Jiménez, Sebastián</subfield>
      <subfield code="e">author</subfield>
   </datafield>
   <datafield ind2=" " ind1=" " tag="720">
      <subfield code="a">Aguilar-Illescas, Rocío</subfield>
      <subfield code="e">author</subfield>
   </datafield>
   <datafield ind2=" " ind1=" " tag="720">
      <subfield code="a">Anaya-Sánchez, Rafael</subfield>
      <subfield code="e">author</subfield>
   </datafield>
   <datafield ind2=" " ind1=" " tag="720">
      <subfield code="a">Carvajal-Trujillo, Elena</subfield>
      <subfield code="e">author</subfield>
   </datafield>
   <datafield ind2=" " ind1=" " tag="260">
      <subfield code="c">2021-12-09</subfield>
   </datafield>
   <datafield ind2=" " ind1=" " tag="520">
      <subfield code="a">Retailer mobile applications are one of the principal retail purchase and information search channels. Customer&#xd;
experience is key to retail app success. However, its dimensions and impact on retailer performance have been&#xd;
the subject of only a limited number of studies. This research builds on existing customer retail app experience&#xd;
literature by considering four dimensions as precursors of satisfaction with the retailers’ app and customer&#xd;
loyalty (cognitive, affective, relational and sensorial). Data were collected from a sample of 545 retailer app users&#xd;
and analysed using PLS-SEM. The results demonstrate that the affective dimension has the most influence and&#xd;
they highlight the importance of the sensory experience, which even surpasses the cognitive experience. The&#xd;
effect of the relational dimension on customer satisfaction, meanwhile, could not be positively confirmed.&#xd;
Analysis of the moderating effect of gender, age and device type used identifies effects that have not, until now,&#xd;
been demonstrated in current literature.</subfield>
   </datafield>
   <datafield ind1="8" ind2=" " tag="024">
      <subfield code="a">Molinillo, S., Aguilar-Illescas, R., Anaya-Sánchez, R., &amp; Carvajal-Trujillo, E. (2022). The customer retail app experience: implications for customer loyalty. Journal of Retailing and Consumer Services, 65, 102842.</subfield>
   </datafield>
   <datafield ind1="8" ind2=" " tag="024">
      <subfield code="a">https://hdl.handle.net/10630/28467</subfield>
   </datafield>
   <datafield ind1="8" ind2=" " tag="024">
      <subfield code="a">10.1016/j.jretconser.2021.102842</subfield>
   </datafield>
   <datafield tag="653" ind2=" " ind1=" ">
      <subfield code="a">Aplicaciones informáticas</subfield>
   </datafield>
   <datafield tag="653" ind2=" " ind1=" ">
      <subfield code="a">Consumidores - Preferencias</subfield>
   </datafield>
   <datafield ind2="0" ind1="0" tag="245">
      <subfield code="a">The customer retail app experience: Implications for customer loyalty</subfield>
   </datafield>
</record>
</metadata></record></GetRecord></OAI-PMH>